Analýza vybraných problémů informačního systému vnitřního obchodu z hlediska vazeb na výrobu

Na minha lista:
Detalhes bibliográficos
Autor principal: Blagonravová, Zina
Outros Autores: Moravová, Jiřina, Sklenářová, Zdeňka
Formato: Livro
Idioma:tcheco
Publicado em: Praha Výzkumný ústav sociálně ekonomických informací 1982
Colecção:Studijní materiál č. 140
Tags: Adicionar Tag
Sem tags, seja o primeiro a adicionar uma tag!

MARC

LEADER 00000nam a2200000 4500
001 c136457
005 20210819122707.9
041 0 |a cze 
044 |a CZ 
245 1 0 |a Analýza vybraných problémů informačního systému vnitřního obchodu z hlediska vazeb na výrobu  |c Zina Blagonravová, Jiřina Moravová, Zdeňka Sklenářová 
264 1 |a Praha  |b Výzkumný ústav sociálně ekonomických informací  |c 1982 
300 |a 54 s. 
490 1 |a Studijní materiál  |v č. 140 
830 0 |a Studijní materiál  |v č. 140 
100 1 |a Blagonravová, Zina 
700 1 |a Moravová, Jiřina 
700 1 |a Sklenářová, Zdeňka